000
00246nam a22001217a 4500
003
SGT
082
_a
823
_b
JAC
100
_a
JACKSON LISA
245
_a
RUNNING SCARED
260
_a
LONDON
_b
HODDER PUB
_c
2011
300
_a
514
942
_2
ddc
_c
BK
999
_c
34016
_d
34016